000 00462nam a2200145Ia 4500
008 090124s9999 xx 000 0 und d
082 _b305045
245 _a अपूर्व अलौकिक एकमेव
250 _a1
260 _bभोसले यशोधरा
_c2004
300 _a108
630 _a अपूर्व अलौकिक एकमेव
730 _a अपूर्व अलौकिक एकमेव
942 _cBOOK
999 _c195001
_d195001